The Rabbit's Whiskers and Other stories/ (Record no. 191170)

MARC details
000 -LEADER
fixed length control field 00560nam a22002057a 4500
005 - DATE AND TIME OF LATEST TRANSACTION
control field 20220822144051.0
010 ## - LCCN (DPL NO)
LC control number A-992722
020 ## - INTERNATIONAL STANDARD BOOK NUMBER
International Standard Book Number 0-86163-182-X
Terms of availability 0.00
035 ## - SYSTEM CONTROL NUMBER
System control number A-992722
037 ## - SOURCE OF ACQUISITION
Stock number dpl
082 ## - DEWEY DECIMAL CLASSIFICATION NUMBER
Classification number S
100 ## - MAIN ENTRY--PERSONAL NAME
Personal name Blyton,Enid
245 ## - TITLE STATEMENT
Title The Rabbit's Whiskers and Other stories/
Statement of responsibility, etc by Enid Blyton
Medium EN
250 ## - EDITION STATEMENT
Edition statement 11th ed.
260 ## - PUBLICATION, DISTRIBUTION, ETC. (IMPRINT)
Place of publication, distribution, etc London
Name of publisher, distributor, etc Award Publications Ltd.
Date of publication, distribution, etc 1945
270 ## - ADDRESS
Address 27 Longford Street
City London NW1 3DZ
Fax number -
Electronic mail address -
300 ## - PHYSICAL DESCRIPTION
Extent 192p.:
Other physical details ill.
Dimensions 18cm(Hbk)
700 ## - ADDED ENTRY--PERSONAL NAME
Personal name Tanner, Suzy-Jane
942 ## - ADDED ENTRY ELEMENTS (KOHA)
Source of classification or shelving scheme Dewey Decimal Classification
Item type English Books
Call number suffix BLY
Classification part S
Holdings
Withdrawn status Lost status Not for loan Collection code Home library Current library Date acquired Cost, normal purchase price Full call number Barcode Koha item type
      Fiction Shahdara Branch Shahdara Branch 22/08/2022 0.00 S BLY A-992722 Children Books

© Delhi Public Library
Hit Counter
free hit counter